000
00247nam a2200097Ia 4500
001
679854
005
20250826161330.0
008
250824s9999 xx 000 0 und d
245
0
_a
AYDEDE HER YERDE
_c
HACER KILCIOĞLU
260
_b
GÜNIŞIĞI YAYINLARI
999
_c
679854
_d
679854